000
00263 a2200109 4500
000
nam a22 7a 4500
005
20260313151104.0
100
_a
Kim, Jae Kwang
_9
1132039
245
_a
Statistics in survey sampling
260
_b
CRC Press
_c
2026
942
_c
AUD
999
_c
1715391
_d
1715391